000 00697nam a2200217Ia 4500
005 20221115141225.0
008 131103s9999 xx 000 0 und d
040 _aLoreto College
041 _aEnglish
082 _a821.7
_bCOL-COB
245 _aInquiring spirit
_b a new presentation of Coleridge from his published and unpublished prose writing
_cedited by Kathleen Coburn
260 _aLondon
_bRoutledge
_c1951
300 _a454 p.
504 _aIncludes bibliographical references and index
630 _aColeridge Samuel T. - Poems
650 _aColeridge,Samuel Taylor,1772 - 1834
651 _aEnglish Poetry
700 _aCoburn,Kathleen,ed.
850 _aLCLIB
942 _cBK
999 _c6031
_d56510